MARC details
| 000 -CABECERA |
| campo de control de longitud fija |
01452nam a2200277 a 4500 |
| 003 - IDENTIFICADOR DEL NÚMERO DE CONTROL |
| campo de control |
DO-SdBNP |
| 005 - FECHA Y HORA DE LA ÚLTIMA TRANSACCIÓN |
| campo de control |
20220309121428.0 |
| 007 - CAMPO FIJO DE DESCRIPCIÓN FÍSICA--INFORMACIÓN GENERAL |
| campo de control de longitud fija |
ta |
| 008 - DATOS DE LONGITUD FIJA--INFORMACIÓN GENERAL |
| campo de control de longitud fija |
220127b2019 dr ac||| |||| 00| 0 spa d |
| 020 ## - NÚMERO INTERNACIONAL ESTÁNDAR DEL LIBRO |
| Número Internacional Estándar del Libro |
9789945169768 |
| 040 ## - FUENTE DE LA CATALOGACIÓN |
| Centro catalogador/agencia de origen |
DO-SdBNP |
| Lengua de catalogación |
spa |
| Centro/agencia transcriptor |
BNPHU |
| 082 #4 - NÚMERO DE LA CLASIFICACIÓN DECIMAL DEWEY |
| Número de clasificación |
920.71 |
| Número de documento/Ítem |
R771a, 2019 |
| Número de edición |
22 |
| 245 13 - MENCIÓN DE TÍTULO |
| Título |
¡La aventura de vivir! / |
| Mención de responsabilidad, etc. |
Eliseo Rondón Sánchez ; prólogo José A. Martínez Muñiz. |
| 250 ## - MENCIÓN DE EDICIÓN |
| Mención de edición |
2da. |
| 260 ## - PUBLICACIÓN, DISTRIBUCIÓN, ETC. |
| Lugar de publicación, distribución, etc. |
Santo Domingo : |
| Nombre del editor, distribuidor, etc. |
Búho, |
| Fecha de publicación, distribución, etc. |
2019. |
| 300 ## - DESCRIPCIÓN FÍSICA |
| Extensión |
385 p. : |
| Otras características físicas |
il., retrs. ; |
| Dimensiones |
23 cm. |
| 500 ## - NOTA GENERAL |
| Nota general |
Incluye datos biográficos del autor en las solapas |
| 505 0# - NOTA DE CONTENIDO CON FORMATO |
| Nota de contenido con formato |
Dedicatoria -- Agradecimiento – Prólogo a la primera edición -- A manera de prólogo – Hato Mayor del Rey, 1935 -- Hospital Marión -- San Isidro -- 14 de junio de 1959 – Magnicidio -- Bosch de cerca -- Guerra de abril 1965 -- El Matum, 17 de diciembre 1965 – Reflexión final – Dess -- Margarita Latinoamericana – La devuelta de Flor – Pedrito y Rusia un cuento de la vida real – Los vuelos de Mamí – Sonia, corazón bravío y los pobres – Ulises Heureauxau: General y Presidente de la República. |
| 590 ## - NOTA LOCAL (RLIN) |
| Nota local |
Inventariado, 2022 /LP<br/><br/><br/> |
| 600 10 - PUNTO DE ACCESO ADICIONAL DE MATERIA--NOMBRE DE PERSONA |
| Nombre de persona |
Rondón Sánchez, Eliseo |
| 9 (RLIN) |
10959 |
| 650 14 - PUNTO DE ACCESO ADICIONAL DE MATERIA--TÉRMINO DE MATERIA |
| Término de materia o nombre geográfico como elemento de entrada |
Autobiografía |
| 9 (RLIN) |
323 |
| 651 14 - PUNTO DE ACCESO ADICIONAL DE MATERIA--NOMBRE GEOGRÁFICO |
| Nombre geográfico |
República Dominicana |
| Subdivisión general |
Historia |
| Subdivisión geográfica |
Siglo XX |
| 9 (RLIN) |
10960 |
| 700 1# - PUNTO DE ACCESO ADICIONAL--NOMBRE DE PERSONA |
| Nombre de persona |
Martínez Muñiz, José A., |
| Término indicativo de función/relación |
pról. |
| 9 (RLIN) |
10961 |
| 910 ## - DATOS DE OPCIÓN DEL USUARIO (OCLC) |
| Datos de opción del usuario |
Lopérez./Validado. Control de calidad MFF |
| 942 ## - ELEMENTOS DE PUNTO DE ACCESO ADICIONAL (KOHA) |
| Fuente del sistema de clasificación o colocación |
Dewey Decimal Classification |
| Tipo de ítem Koha |
Libro |